000 01523aam a2200325 i 4500
001 768714001
003 CO-MdFUSB
005 20250502130456.0
007 ta
008 160812s2002 ck ||||f |||| 00| 0 spa d
040 _aCO-MdFUSB
_bEspañol
_cCO-MdFUSB
_dCO-MdFUSB
041 0 _aspa
082 _224
_aG 241
_bB333m
100 1 _aBatista, José D.
_eautor
245 1 0 _aMás allá de la inteligencia emocional :
_binteligencia espiritual, libertad plena
_c/ José D. Batista, Ph. D.
246 _aTeoría de la indentidad
264 4 _aMedellín :
_bJuventud Con Una Misión,
_c[2002]
300 _a217 páginas
336 _2rdacontent
_atexto
_btxt
337 _2rdamedia
_asin mediación
_bn
338 _2rdacarrier
_avolumen
_bnc
490 _aColección conciencia
505 _aDedicatoria -- Prólogo -- introducción -- El contexto de la inteligencia espiritual -- Los cuatro elementos de la identidad -- La necesidad de la teoría de la identidad -- Identidad, sociología y cultura -- Los valores fundamentales que forman la personalidad -- el origen de la psicología de necesidades -- La regeneración de los valores -- Identidad e individualismo -- El sistema de valores y el fruto del espíritu -- Los limitadores de la identidad de Dios en mí -- La emociones de la patología de la carne y la terapia del perdón.
563 _aRústico
650 7 _9229
_aPsicología y religión
650 0 _aConducta de vida
_920
650 7 _aÉtica cristiana
_9185
942 _cBK
945 _aJTF-925
999 _c45197
_d45197